书目信息 |
| 题名: |
中学与大学德育有效衔接的理论与实践
|
|
| 作者: | 邵志豪, 著 | |
| 分册: | ||
| 出版信息: | 北京 中国社会科学出版社 2018 |
|
| 页数: | 267页 | |
| 开本: | 24cm | |
| 丛书名: | ||
| 单 册: | ||
| 中图分类: | G631 , G641 | |
| 科图分类: | ||
| 主题词: | 中学--zhong xue--德育工作--研究--中国 , 高等学校--gao deng xue xiao--研究--德育工作--中国 | |
| 电子资源: | ||
| ISBN: | 978-7-5203-2651-3 | |
| 000 | 01445nam 2200301 450 | |
| 001 | 012001004502 | |
| 005 | 20140124142804.0 | |
| 010 | @a978-7-5203-2651-3@dCNY75.00 | |
| 099 | @aCAL 012018130148 | |
| 100 | @a20180918d2018 em y0chiy50 ea | |
| 101 | 0 | @achi |
| 102 | @aCN@b110000 | |
| 105 | @ay z 001yy | |
| 106 | @ar | |
| 200 | 1 | @a中学与大学德育有效衔接的理论与实践@Azhong xue yu da xue de yu you xiao xian jie de li lun yu shi jian@d= The theory and practice of effective connection between moral education in middle school and university@f邵志豪著@zeng |
| 210 | @a北京@c中国社会科学出版社@d2018 | |
| 215 | @a267页@d24cm | |
| 300 | @a本书受东北师范大学哲学社会科学优秀学术著作出版资助。 | |
| 320 | @a有书目 (250-264页) | |
| 330 | @a本书以学生的德性生成发展规律和发展需求为切入点,探讨中学与大学德育有效衔接的基础理论问题,开展以学生主体需要为视角的中学和大学德育有效衔接的理论研究。,重点围绕中学与大学德育有效衔接的实践前提、实践要点、实践路径和队伍保障等方面,立足德育关键点位,探索中学德育与大学德育有效衔接的实践路径。 | |
| 510 | 0 | @aTheory and practice of effective connection between moral education in middle school and university@zeng |
| 606 | 0 | @a中学@Azhong xue@x德育工作@x研究@y中国 |
| 606 | 0 | @a高等学校@Agao deng xue xiao@x研究@x德育工作@y中国 |
| 690 | @aG631@v5 | |
| 690 | @aG641@v5 | |
| 701 | 0 | @a邵志豪,@Ashao zhi hao@f1974-@4著 |
| 801 | 0 | @b江苏凤凰@c20191020 |
| 905 | @b1238706-11@dG631@e893@f6 | |
| 中学与大学德育有效衔接的理论与实践= The theory and practice of effective connection between moral education in middle school and university/邵志豪著.-北京:中国社会科学出版社,2018 |
| 267页;24cm |
| 本书受东北师范大学哲学社会科学优秀学术著作出版资助。.-←并列题名:Theory and practice of effective connection between moral education in middle school and university |
| ISBN 978-7-5203-2651-3:CNY75.00 |
| 本书以学生的德性生成发展规律和发展需求为切入点,探讨中学与大学德育有效衔接的基础理论问题,开展以学生主体需要为视角的中学和大学德育有效衔接的理论研究。,重点围绕中学与大学德育有效衔接的实践前提、实践要点、实践路径和队伍保障等方面,立足德育关键点位,探索中学德育与大学德育有效衔接的实践路径。 |
| ● |
| 相关链接 |
|
|
|
|
正题名:中学与大学德育有效衔接的理论与实践
索取号:G631/893
 
预约/预借
| 序号 | 登录号 | 条形码 | 馆藏地/架位号 | 状态 | 备注 |
| 1 | 1238706 | 212387068 | 第一样本阅览室/ [索取号:G631/893] | 在馆 | |
| 2 | 1238707 | 212387077 | 教育系资料室/ [索取号:G631/893] | 在馆 | |
| 3 | 1238708 | 212387086 | 教育系资料室/ [索取号:G631/893] | 在馆 | |
| 4 | 1238709 | 212387095 | 教育系资料室/ [索取号:G631/893] | 在馆 | |
| 5 | 1238710 | 212387102 | 第四借阅区/ [索取号:G631/893] | 在馆 | |
| 6 | 1238711 | 212387111 | 第四借阅区/ [索取号:G631/893] | 在馆 |